000 00715nam a2200169Ia 4500
008 090711s9999 xx 000 0 und d
082 _b4097
100 _aसरदार गंगाधर बा.
245 _aअर्वाSाीन मराठी गद्याSाी पूर्वपीठिका
260 _c1937
300 _a344
600 _aसरदार गंगाधर बा.
630 _aअर्वाSाीन मराठी गद्याSाी पूर्वपीठिका
700 _aसरदार गंगाधर बा.
730 _aअर्वाSाीन मराठी गद्याSाी पूर्वपीठिका
942 _cBOOK
999 _c311399
_d311399